Revival and reform in Islam : (Record no. 4087)

MARC details
000 -LEADER
fixed length control field 00614nam a2200205 4500
003 - CONTROL NUMBER IDENTIFIER
control field LK-CoMWRAF
005 - DATE AND TIME OF LATEST TRANSACTION
control field 20231115114207.0
008 - FIXED-LENGTH DATA ELEMENTS--GENERAL INFORMATION
fixed length control field 231115b2003 |||||||| |||| 00| 0 eng d
020 ## - INTERNATIONAL STANDARD BOOK NUMBER
International Standard Book Number 185168204X
040 ## - CATALOGING SOURCE
Original cataloging agency LK-CoMWRAF
Modifying agency LK-CoMWRAF
Description conventions LK-CoMWRAF
041 ## - LANGUAGE CODE
Language code of text/sound track or separate title English
082 ## - DEWEY DECIMAL CLASSIFICATION NUMBER
Classification number 297.09
Item number RAH
942 ## - ADDED ENTRY ELEMENTS (KOHA)
Koha item type Books
100 ## - MAIN ENTRY--PERSONAL NAME
Personal name Rahman, Fazlur
700 ## - ADDED ENTRY--PERSONAL NAME
Personal name Moosa, Ebrahim
Relator Term editor
245 ## - TITLE STATEMENT
Title Revival and reform in Islam :
Remainder of title a study of Islamic fundamentalism
260 ## - PUBLICATION, DISTRIBUTION, ETC. (IMPRINT)
Place of publication, distribution, etc. Oxford:
Name of publisher, distributor, etc. Oneworld,
Date of publication, distribution, etc. 2000
300 ## - PHYSICAL DESCRIPTION
Extent ix, 226 p. ; 23 cm
Other physical details Bibliography, index and glossary included
650 ## - SUBJECT ADDED ENTRY--TOPICAL TERM
Topical term or geographic name as entry element ISLAMIC FUNDAMENTALISM
Holdings
Withdrawn status Lost status Damaged status Not for loan Permanent Location Current Location Date acquired Full call number Barcode Koha item type
        Resource center, Muslim Women's Research And Action Forum Resource center, Muslim Women's Research And Action Forum 2023-11-15 297.09 RAH RAF3027 Books

Copyright © 2023 Muslim Women's Research and Action Forum (MWRAF), No 27/3, Anderson Road, Kalubowila, Dehiwela. Funded by The Asia Fundation